UBT Library

Engineering electromagnetics / (Record no. 39898)

000 -LEADER
fixed length control field 00749cam a2200241 a 4500
001 - CONTROL NUMBER
control field 13745243
005 - DATE AND TIME OF LATEST TRANSACTION
control field 20180109071458.0
008 - FIXED-LENGTH DATA ELEMENTS--GENERAL INFORMATION
fixed length control field 041008s2006 maua 000 0 eng
010 ## - LIBRARY OF CONGRESS CONTROL NUMBER
LC control number 2004060975
020 ## - INTERNATIONAL STANDARD BOOK NUMBER
International Standard Book Number 0072524952 (acidfree paper)
020 ## - INTERNATIONAL STANDARD BOOK NUMBER
International Standard Book Number 0073104639 (pkg.)
020 ## - INTERNATIONAL STANDARD BOOK NUMBER
International Standard Book Number 0073080136 (CDROM)
040 ## - CATALOGING SOURCE
Original cataloging agency DLC
Language of cataloging eng
Transcribing agency DLC
Modifying agency DLC
041 ## - LANGUAGE CODE
Language code of text/sound track or separate title eng
080 ## - UNIVERSAL DECIMAL CLASSIFICATION NUMBER
Universal Decimal Classification number 530.141 WIL
082 00 - DEWEY DECIMAL CLASSIFICATION NUMBER
Classification number 530.141 WIL
Edition number 22
100 1# - Rafti
Rafti 27
101 ## - Shkurtesa
Shkurtesa ENG
245 10 - TITLE STATEMENT
Title Engineering electromagnetics /
Statement of responsibility, etc William H. Hayt, Jr., John A. Buck.
906 ## - LOCAL DATA ELEMENT F, LDF (RLIN)
a 7
b cbc
c orignew
d 1
e ocip
f 20
g y-gencatlg
942 ## - ADDED ENTRY ELEMENTS (KOHA)
Source of classification or shelving scheme
Item type Books
Holdings
Withdrawn status Lost status Source of classification or shelving scheme Damaged status Not for loan Permanent location Current location Date acquired Total Checkouts Full call number Barcode Date last seen Price effective from Koha item type
          UBT - Lipjan UBT - Lipjan 01/09/2018   530.141 WIL 002-2994997 01/09/2018 01/09/2018 Books
UBT Library © 2015-2024. All rights reserved University Education for Business and Technology